| 000 | 00947cam a22002055a 4500 | ||
|---|---|---|---|
| 001 | L156832 | ||
| 008 | 120515q1830 xxk f 000 0 eng d | ||
| 035 | _a(Sirsi) u156832 | ||
| 041 | 0 | _aeng | |
| 100 | 1 | _aThurlow, S. | |
| 245 | 0 | 4 |
_aThe land surveyor's ready reckoner, or, Gentlemen and farmer's guide to land measure _bshewing at one view the contents of any piece of land from the eightieth part of an acre to any number of acres : with plain and easy directions ... : to which is added a table ... _cby S, Thurlow |
| 250 | _aNew ed., carefully corr. | ||
| 260 |
_aLondon _bSimpkin and Marshall _bDean & Munday _c[1830?] |
||
| 300 |
_axxvii, [1], 25-138 p., [1] folded leaf of plates _bill., tables _c11 cm. |
||
| 520 | _aContains the signature of John Owens of Snailbeach, dated Oct. 29, 1834. | ||
| 583 |
_aCondition reviewed _c20120620 _lcondition level 1 |
||
| 651 | 4 |
_aGreat Britain _y1707- |
|
| 690 |
_aMeasurement _96256 |
||
| 942 | _n0 | ||
| 999 |
_c114446 _d114446 |
||